Julien Bam Lieder - Statistiken

Allgemein
  • Dieses Quiz wurde 26 mal gespielt
  • Das Durchschnittsergebnis liegt bei 20 aus 85
Antwortstatistiken
Antwort % Korrekt
Santa der Boss
71%
Zahnfee
67%
Der Sandmann
58%
Tut uns Leid
46%
Beichte
42%
Bunny Bars (Osterhase)
38%
Mach die Robbe (feat. die Robbe)
38%
Opus Dens (Zahnfee)
38%
Zu wenig Zeit
38%
Cool & Fresh
33%
Der Maskenboss
33%
Anxiety
29%
Bruder muss los!
29%
Bruder muss los (The End)
29%
Fieber Flow (Sandmann)
29%
Gib her!
29%
Hey du
29%
Ich bin ein Auto
29%
Monster
29%
3 Wünsche
25%
Aua!
25%
Eternal Bros
25%
Geisha
25%
Ich weiß nicht
25%
Irish Goodbye
25%
Ja nein vielleicht
25%
Nie genug geliebt
25%
Willkommen auf dem Planet
25%
30 Jahre
21%
Adios
21%
Allein zu Haus
21%
Atemnot
21%
Deutsche Pass
21%
Evolution
21%
Goldene Haut
21%
Hans hat Glück
21%
Hdgdl
21%
Hier im Dschungel
21%
How much is the ticket?
21%
Keta Pan
21%
Lost Boys
21%
Lost in Timeline
21%
Natürliche Impfung
21%
Piraten Style
21%
Piraten Style 2.0
21%
Pool Song
21%
Pool Song 2.0
21%
Push mal dein Mindset
21%
Ready To Fight
21%
Spieglein, Spieglein
21%
Spring High
21%
This is a Matschipü
21%
Tornado Song
21%
Aachenjung
17%
Amena
17%
Asozial 4 Life
17%
Ausm Weg
17%
Baba in deiner Stadt
17%
Der junge Captain Fook
17%
Du bist ein Hund
17%
Heute Nacht
17%
Hoes aus der Lobby
17%
Ist Ok.
17%
Komm Höhle
17%
Lost im Wald
17%
Merry X (Santa der Boss)
17%
Monsta Flow
17%
Nihao Madafakkel
17%
Ok Boomer
17%
Steh mal auf
17%
Stella
17%
Unter der Matratze
17%
Vertrau Babe
17%
Wallah Habibi
17%
War nur ein Prank
17%
Yo Dicka!
17%
Alles in Petto
13%
Billiardär
13%
Changes
13%
Dibbedy Dabbedy Dab
13%
Drop mir deinen Zopf
13%
Du rauchst?
13%
Ey Geile!
13%
Könige der Nacht
13%
Tschuldigung
13%
Keine übereinstimmenden Quizze gefunden
Verteilung der Resultate
Anzahl Personen mit jedem Resultat
Perzentil nach korrekt beantworteten Fragen
Ihre Resultats-Entwicklung
Sie haben dieses Quiz noch nicht gespielt